Logic Program Synthesis and Transformation : Proceedings of LOPSTR 91, International Workshop on Logic Program Synthesis and Transformation, University of Manchester, 4-5 July 1991 /

Logic programming synthesis and transformation are methods of deriving logic programs from their specifications and, where necessary, producing alternative but equivalent forms of a given program. The techniques involved in synthesis and transformation are extremely important as they allow the syste...

Full description

Bibliographic Details
Main Author: Clement, Timothy Paul
Corporate Author: SpringerLink (Online service)
Other Authors: Lau, Kung-Kiu
Format: eBook
Language:English
Published: London : Springer London, 1992.
Series:Workshops in computing.
Subjects:
Online Access:Connect to the full text of this electronic book

MARC

Tag First Indicator Second Indicator Subfields
LEADER 00000cam a2200000Mi 4500
001 in00003560321
006 m o d
007 cr mnu---uuaaa
008 130321s1992 xxk o 000 0 eng
005 20260422230742.0
020 |a 9781447134947 (electronic bk.) 
020 |a 144713494X (electronic bk.) 
020 |z 9783540197423 
020 |z 3540197427 
020 |z 144713494X 
035 |a (OCoLC)853258658 
040 |a AU@  |b eng  |c AU@  |d OCLCO  |d GW5XE  |d OCLCF  |d UtOrBLW 
049 |a TXAM 
050 4 |a QA76.6-76.66 
072 7 |a UM  |2 bicssc 
072 7 |a COM051000  |2 bisacsh 
082 0 4 |a 005.11  |2 23 
100 1 |a Clement, Timothy Paul. 
245 1 0 |a Logic Program Synthesis and Transformation :  |b Proceedings of LOPSTR 91, International Workshop on Logic Program Synthesis and Transformation, University of Manchester, 4-5 July 1991 /  |c edited by Timothy Paul Clement, Kung-Kiu Lau. 
264 1 |a London :  |b Springer London,  |c 1992. 
300 |a 1 online resource (x, 337 pages) 
336 |a text  |b txt  |2 rdacontent 
337 |a computer  |b c  |2 rdamedia 
338 |a online resource  |b cr  |2 rdacarrier 
490 1 |a Workshops in computing,  |x 1431-1682 
520 |a Logic programming synthesis and transformation are methods of deriving logic programs from their specifications and, where necessary, producing alternative but equivalent forms of a given program. The techniques involved in synthesis and transformation are extremely important as they allow the systematic construction of correct and efficient programs and have the potential to enhance current methods of software production. Transformation strategies are also being widely used in the field of logic program development. LOPSTR 91 was the first workshop to deal exclusively with both logic program synthesis and transformation and, as such, filled an obvious gap in the existing range of logic programming workshops. In attempting to cover the subject as comprehensively as possible, the workshop brought together researchers with an interest in all aspects of logic (including Horn Clause and first order logic) and all approaches to program synthesis and transformation. Logic Program Synthesis and Transformation provides a complete record of the workshop, with all the papers reproduced either in full or as extended abstracts. They cover a wide range of aspects, both practical and theoretical, including the use of mode input-output in program transformation, program specification and synthesis in constructive formal systems and a case study in formal program development in modular Prolog. This volume provides a comprehensive overview of current research and will be invaluable to researchers and postgraduate students who wish to enhance their understanding of logic programming techniques. 
500 |a Electronic resource. 
650 0 |a Computer science. 
650 0 |a Logic design. 
650 7 |a Computer science.  |2 fast  |0 (OCoLC)fst00872451 
650 7 |a Logic design.  |2 fast  |0 (OCoLC)fst01002045 
655 7 |a Electronic books.  |2 local 
700 1 |a Lau, Kung-Kiu. 
710 2 |a SpringerLink (Online service) 
776 1 8 |i Print version:  |z 9783540197423 
830 0 |a Workshops in computing. 
856 4 0 |u http://proxy.library.tamu.edu/login?url=https://link.springer.com/10.1007/978-1-4471-3494-7  |z Connect to the full text of this electronic book  |t 0 
994 |a 92  |b TXA 
999 |a MARS 
999 f f |s 2e170dcb-bae9-353b-8e51-26f6fd2966b0  |i f36a7607-1e8c-33cf-8ea9-5e389d424f1e  |t 0 
952 f f |a Texas A&M University  |b College Station  |c Electronic Resources  |s www_evans  |d Available Online  |t 0  |e QA76.6-76.66  |h Library of Congress classification 
998 f f |a QA76.6-76.66  |t 0  |l Available Online